| 000 | 00436nam a2200181Ia 4500 | ||
|---|---|---|---|
| 008 | 230711s9999||||xx |||||||||||||| ||und|| | ||
| 020 | _a978-81-219-9596-9 | ||
| 041 | _aENG | ||
| 082 |
_a512.9434 _bNA-M |
||
| 100 | _aNarayan,Shanti | ||
| 245 | 2 | _aA Textbook of Matrices | |
| 250 | _a1st Ed. | ||
| 260 |
_c2020 _aNew Delhi _bS.Chand & Company Ltd |
||
| 300 | _a309p. | ||
| 650 | _aMathematics | ||
| 700 | _aMittal,P.K | ||
| 942 | _cBK | ||
| 999 |
_c6982 _d6982 |
||